Olvasásmegértési diagnosztikus mérés a 6. osztályban
Elmentve itt :
| Szerző: | |
|---|---|
| Dokumentumtípus: | Cikk |
| Megjelent: |
1997
|
| Sorozat: | Iskolakultúra
7 No. 6-7 |
| Online Access: | http://misc.bibl.u-szeged.hu/40852 |
| LEADER | 00582nab a2200169 i 4500 | ||
|---|---|---|---|
| 001 | misc40852 | ||
| 005 | 20191106141015.0 | ||
| 008 | 180709s1997 hu o 0|| zxx d | ||
| 022 | |a 1215-5233 | ||
| 040 | |a SZTE Miscellanea Repozitórium |b hun | ||
| 041 | |a zxx | ||
| 100 | 1 | |a Gecse Gáborné | |
| 245 | 1 | 0 | |a Olvasásmegértési diagnosztikus mérés a 6. osztályban |h [elektronikus dokumentum] / |c Gecse Gáborné |
| 260 | |c 1997 | ||
| 300 | |a 166-172 | ||
| 490 | 0 | |a Iskolakultúra |v 7 No. 6-7 | |
| 856 | 4 | 0 | |u http://misc.bibl.u-szeged.hu/40852/1/1_EPA00011_iskolakultura_1997-6-7.pdf |z Dokumentum-elérés |